[Event "29th Open"]
[Site "Cappelle la Grande FRA"]
[Date "2013.02.28"]
[Round "7.10"]
[White "Flores Rios, Mauricio"]
[Black "Kravtsiv, Martyn"]
[Result "1/2-1/2"]
[WhiteTitle "GM"]
[BlackTitle "GM"]
[WhiteElo "2481"]
[BlackElo "2597"]
[WhiteFideId "3408027"]
[BlackFideId "14113147"]
[EventDate "2013.02.23"]

1. d4 Nf6 2. c4 e6 3. g3 d5 4. Nf3 Bb4+ 5. Bd2 Be7 6. Bg2 O-O 7. O-O c6 8. Qc2
b6 9. Rd1 Nbd7 10. Bf4 Bb7 11. b3 c5 12. dxc5 Bxc5 13. Nc3 Rc8 14. e3 dxc4 15.
bxc4 Qe7 16. Nb5 Be4 17. Qb2 Bxf3 18. Bxf3 e5 19. Bg5 h6 20. Bxf6 Nxf6 21. Qb3
Bb4 22. Nxa7 Qxa7 23. Qxb4 Rc5 24. a4 Qc7 25. Bd5 e4 26. Kg2 Rd8 27. Rab1 Rd6
28. Rd4 Qd7 29. a5 Nxd5 30. Rxd5 Rdxd5 31. cxd5 Rxa5 32. Qxe4 Qxd5 33. Qxd5 Rxd5
34. Rxb6 g6 35. g4 h5 36. h3 hxg4 37. hxg4 Kg7 38. Kg3 Ra5 39. Kf4 g5+ 40. Ke4
Ra4+ 41. Kf3 f6 42. Kg3 Kf7 43. f4 f5 44. Rb7+ Kf6 45. Rb6+ Kf7 46. gxf5 gxf4+
47. exf4 Ra1 48. f6 Ra3+ 49. Kg4 Kg6 50. Rc6 Rb3 51. Ra6 Rc3 52. f7+ Kxf7 53.
Kg5 Rc1 54. Ra7+ Kf8 55. Ra6 Kf7 56. Ra7+ Kf8 57. f5 Rc6 1/2-1/2

[Event "29th Open"]
[Site "Cappelle la Grande FRA"]
[Date "2013.02.28"]
[Round "7.11"]
[White "Danielian, Elina"]
[Black "Danin, Alexandre"]
[Result "1/2-1/2"]
[WhiteTitle "GM"]
[BlackTitle "GM"]
[WhiteElo "2466"]
[BlackElo "2578"]
[WhiteFideId "13300210"]
[BlackFideId "4144031"]
[EventDate "2013.02.23"]

1. d4 Nf6 2. c4 g6 3. Nc3 d5 4. Bg5 Ne4 5. Bh4 Nxc3 6. bxc3 dxc4 7. e3 Be6 8.
Nf3 Bg7 9. Qb1 b6 10. Be2 O-O 11. O-O Nc6 12. Ng5 Bf5 13. e4 Bd7 14. Bxc4 Na5
15. Be2 c5 16. Nf3 Bg4 17. e5 cxd4 18. cxd4 Rc8 19. Qe4 Be6 20. Qe3 Qd7 21. Rac1
Nc4 22. Qd3 Bd5 23. Nd2 Nxd2 24. Qxd2 Rfd8 25. h3 Rxc1 26. Rxc1 Be6 27. Qe3 Bf8
28. Qa3 h6 29. Bf3 g5 30. Bg3 a5 31. Rd1 Bd5 32. h4 e6 33. Qe3 Be7 34. hxg5 hxg5
35. Bxd5 Qxd5 36. f4 Qxa2 37. fxg5 Qc2 38. Rc1 Qg6 39. Rc7 Bxg5 40. Bf4 Bxf4 41.
Qxf4 Kg7 42. Rxf7+ Qxf7 43. Qg5+ Qg6 1/2-1/2

[Event "29th Open"]
[Site "Cappelle la Grande FRA"]
[Date "2013.02.28"]
[Round "7.12"]
[White "Burmakin, Vladimir"]
[Black "Borovikov, Vladislav"]
[Result "1-0"]
[WhiteTitle "GM"]
[BlackTitle "GM"]
[WhiteElo "2577"]
[BlackElo "2557"]
[WhiteFideId "4105109"]
[BlackFideId "14102811"]
[EventDate "2013.02.23"]

1. d4 d5 2. Nf3 Nf6 3. c4 c6 4. e3 a6 5. b3 Bg4 6. Be2 e6 7. O-O Nbd7 8. Bb2 Bd6
9. Nbd2 O-O 10. c5 Bc7 11. b4 Qb8 12. h3 Bh5 13. a4 e5 14. dxe5 Nxe5 15. Nd4
Bxe2 16. Qxe2 Re8 17. f4 Ng6 18. Qd3 Ne4 19. Nf5 f6 20. Nxe4 Rxe4 21. Bd4 Qc8
22. g4 Qd7 23. Ra2 Rf8 24. b5 a5 25. b6 Bb8 26. Raf2 Rf7 27. Qc3 Nf8 28. Qxa5
Re8 29. Qb4 Ne6 30. Bb2 Rff8 31. a5 g6 32. Nh6+ Kg7 33. g5 d4 34. Ng4 fxg5 35.
exd4 h5 36. d5+ Kh7 37. dxe6 Rxe6 38. Ne5 Qe7 39. Qd4 gxf4 40. Nf3 Rd8 41. Qc3
Re3 42. Qf6 1-0

[Event "29th Open"]
[Site "Cappelle la Grande FRA"]
[Date "2013.03.01"]
[Round "8.1"]
[White "Sjugirov, Sanan"]
[Black "Fedorchuk, Sergey A."]
[Result "1/2-1/2"]
[WhiteTitle "GM"]
[BlackTitle "GM"]
[WhiteElo "2646"]
[BlackElo "2643"]
[WhiteFideId "4189302"]
[BlackFideId "14102536"]
[EventDate "2013.02.23"]

1. d4 Nf6 2. c4 e6 3. g3 Bb4+ 4. Bd2 Bxd2+ 5. Qxd2 d5 6. Nf3 c6 7. Bg2 Nbd7 8.
O-O b6 9. Rc1 O-O 10. Ne5 Bb7 11. cxd5 cxd5 12. Nc3 Ne8 13. Qf4 Ndf6 14. a4 Rc8
15. Nb5 a6 16. Na7 Rxc1+ 17. Rxc1 Nd6 18. Nac6 Bxc6 19. Rxc6 Nf5 20. Qd2 Ne7 21.
Rc1 Qd6 22. Qc3 Rb8 23. Qc7 Ne8 24. Qa7 f6 25. Nd3 Nc8 1/2-1/2

[Event "29th Open"]
[Site "Cappelle la Grande FRA"]
[Date "2013.03.01"]
[Round "8.2"]
[White "Gharamian, Tigran"]
[Black "Fedorov, Alexei"]
[Result "1/2-1/2"]
[WhiteTitle "GM"]
[BlackTitle "GM"]
[WhiteElo "2661"]
[BlackElo "2576"]
[WhiteFideId "13301527"]
[BlackFideId "13500465"]
[EventDate "2013.02.23"]

1. d4 Nf6 2. c4 g6 3. Nf3 Bg7 4. Nc3 d6 5. g3 O-O 6. Bg2 Nc6 7. O-O Bf5 8. d5
Na5 9. Nd2 c5 10. e4 Bd7 11. Qc2 e5 12. b3 h5 13. Nf3 a6 14. a4 Nh7 15. Rb1 b6
16. Kh1 Qe7 17. Bd2 Rab8 18. Rbe1 Nb7 19. Ng1 h4 20. gxh4 Qxh4 21. f4 exf4 22.
Rxf4 Qe7 23. Rff1 Rbe8 24. Nd1 Qh4 25. Nf3 Qh5 26. Bf4 Re7 1/2-1/2

[Event "29th Open"]
[Site "Cappelle la Grande FRA"]
[Date "2013.03.01"]
[Round "8.3"]
[White "Negi, Parimarjan"]
[Black "Djukic, Nikola"]
[Result "1-0"]
[WhiteTitle "GM"]
[BlackTitle "GM"]
[WhiteElo "2638"]
[BlackElo "2538"]
[WhiteFideId "5016690"]
[BlackFideId "922412"]
[EventDate "2013.02.23"]

1. e4 c5 2. Nf3 Nc6 3. d4 cxd4 4. Nxd4 Nf6 5. Nc3 d6 6. Bg5 e6 7. Qd2 a6 8.
O-O-O Bd7 9. f4 h6 10. Bh4 g5 11. fxg5 Ng4 12. Nf3 Nge5 13. g6 Qa5 14. Nxe5 Nxe5
15. gxf7+ Nxf7 16. Be2 Bg7 17. Rhf1 Bxc3 18. bxc3 Qxa2 19. Qf4 O-O 20. Be7 Ng5
21. Bxf8 Rc8 22. Rd3 e5 23. Qh4 Ba4 24. Bd1 Bxc2 25. Bxc2 Qa1+ 26. Kd2 Qxf1 27.
Bb3+ Kxf8 28. Qxh6+ Ke8 29. Qg6+ Kf8 30. Qg8+ 1-0

[Event "29th Open"]
[Site "Cappelle la Grande FRA"]
[Date "2013.03.01"]
[Round "8.5"]
[White "Burmakin, Vladimir"]
[Black "Vorobiov, Evgeny E."]
[Result "1/2-1/2"]
[WhiteTitle "GM"]
[BlackTitle "GM"]
[WhiteElo "2577"]
[BlackElo "2584"]
[WhiteFideId "4105109"]
[BlackFideId "4121341"]
[EventDate "2013.02.23"]

1. Nf3 c5 2. g3 Nc6 3. Bg2 g6 4. d4 cxd4 5. Nxd4 Nxd4 6. Qxd4 Nf6 7. c4 Bg7 8.
O-O d6 9. Nc3 O-O 10. b3 d5 11. cxd5 Nxd5 12. Qxd5 Bxc3 13. Bh6 Qxd5 14. Bxd5
Rd8 15. Rad1 Bh3 16. Bg2 Bxg2 17. Kxg2 f5 18. Rxd8+ Rxd8 19. Rc1 Bd2 20. Rd1 Ba5 1/2-1/2

[Event "29th Open"]
[Site "Cappelle la Grande FRA"]
[Date "2013.03.01"]
[Round "8.6"]
[White "Iturrizaga, Eduardo"]
[Black "Arutinian, David"]
[Result "1-0"]
[WhiteTitle "GM"]
[BlackTitle "GM"]
[WhiteElo "2646"]
[BlackElo "2545"]
[WhiteFideId "3901211"]
[BlackFideId "13601741"]
[EventDate "2013.02.23"]

1. d4 Nf6 2. Nf3 e6 3. e3 c5 4. b3 b6 5. Bb2 Bb7 6. Nbd2 Nc6 7. Bd3 cxd4 8. exd4
Nb4 9. Be2 Nbd5 10. a3 Qc7 11. c4 Nf4 12. Bf1 Be7 13. g3 Ng6 14. h4 h5 15. Bd3
Ng4 16. Qe2 Bf6 17. Ne4 Bxe4 18. Bxe4 Rd8 19. Rc1 Ne7 20. O-O g6 21. Rfd1 O-O
22. b4 Rfe8 23. c5 d5 24. Bd3 Nf5 25. Ne5 Bxe5 26. dxe5 d4 27. cxb6 Qxb6 28. Rc5
Qb8 29. Rdc1 Rc8 30. Bxf5 exf5 31. Rxc8 Rxc8 32. Rxc8+ Qxc8 33. Bxd4 Qd7 34. Qc4
f4 35. gxf4 Nxe5 36. Qe2 Qxd4 37. Qxe5 Qd1+ 38. Kh2 Qg4 39. Qe8+ Kg7 40. Qe5+
Kg8 41. Qg5 Qf3 42. Qg3 Qd5 43. Qe3 Qd8 44. Kg3 Qd7 45. f3 a6 46. Qc5 Qd1 47. f5
Qe1+ 48. Kg2 Qxh4 49. fxg6 fxg6 50. a4 Qf4 51. b5 axb5 52. axb5 h4 53. Qd5+ Kg7
54. Qd7+ Kf6 55. Qc6+ Kg5 56. Qd5+ Kh6 57. b6 Qg3+ 58. Kf1 Qh3+ 59. Ke2 Qg2+ 60.
Kd3 Qf1+ 61. Kc2 Qa6 62. b7 Qb6 63. Qd7 Qc5+ 64. Kd3 Qb4 65. Qc7 Qb3+ 66. Ke2
Qb5+ 67. Kf2 Qb2+ 68. Kf1 Qb5+ 69. Ke1 Qb1+ 70. Kd2 Qb2+ 71. Kd3 Qb3+ 72. Kd4
Qb4+ 73. Ke5 Qb5+ 74. Ke6 Qb3+ 75. Ke7 Qb4+ 76. Ke8 Qb5+ 77. Kf8 Qb4+ 78. Kg8 1-0

[Event "29th Open"]
[Site "Cappelle la Grande FRA"]
[Date "2013.03.01"]
[Round "8.7"]
[White "Lagarde, Maxime"]
[Black "Azarov, Sergei"]
[Result "1-0"]
[WhiteTitle "IM"]
[BlackTitle "GM"]
[WhiteElo "2529"]
[BlackElo "2627"]
[WhiteFideId "662399"]
[BlackFideId "13501470"]
[EventDate "2013.02.23"]

1. d4 f5 2. Bg5 g6 3. Nc3 d5 4. h4 Bg7 5. e3 c6 6. Qf3 Be6 7. Bd3 Nf6 8. Nge2 h5
9. Qg3 Bf7 10. f3 c5 11. Nf4 Nh7 12. O-O-O Nxg5 13. hxg5 e6 14. e4 cxd4 15. exf5
dxc3 16. fxe6 Qb6 17. exf7+ Kxf7 18. Bxg6+ Kg8 19. Rxd5 Nc6 20. Re1 Nb4 21. b3
Qc7 22. Rf5 Rf8 23. Qh3 Qd6 24. Rxf8+ Bxf8 25. Qe6+ Qxe6 26. Nxe6 h4 27. Nxf8
Kxf8 28. Re8+ Kg7 29. Rxh8 Kxh8 30. Be4 Nxa2+ 31. Kb1 Nb4 32. Bxb7 Kg7 33. Be4
Na6 34. f4 Nc7 35. f5 Nb5 36. Kc1 Nd6 37. Bd3 a5 38. Kd1 1-0

[Event "29th Open"]
[Site "Cappelle la Grande FRA"]
[Date "2013.03.01"]
[Round "8.8"]
[White "Kravtsiv, Martyn"]
[Black "Kharitonov, Alexandr"]
[Result "1/2-1/2"]
[WhiteTitle "GM"]
[BlackTitle "GM"]
[WhiteElo "2597"]
[BlackElo "2536"]
[WhiteFideId "14113147"]
[BlackFideId "4135202"]
[EventDate "2013.02.23"]

1. e4 c6 2. d4 d5 3. Nc3 dxe4 4. Nxe4 Bf5 5. Ng3 Bg6 6. h4 h6 7. Nf3 Nd7 8. h5
Bh7 9. Bd3 Bxd3 10. Qxd3 e6 11. Bd2 Ngf6 12. O-O-O Be7 13. Ne4 Nxe4 14. Qxe4 Nf6
15. Qe2 Qd5 16. Kb1 Qe4 17. Be3 Ng4 18. Nd2 Qf5 19. Nf1 Nxe3 20. Nxe3 Qa5 21. f4
O-O-O 22. f5 Bf6 23. fxe6 fxe6 24. c3 Rhe8 25. Rhf1 Kb8 26. Qf3 Qg5 27. Ng4 Qxh5
28. Nxf6 Qxf3 29. Rxf3 gxf6 30. Rxf6 e5 31. Rxh6 exd4 32. Rxd4 1/2-1/2

[Event "29th Open"]
[Site "Cappelle la Grande FRA"]
[Date "2013.03.01"]
[Round "8.9"]
[White "Maiorov, Nikita1"]
[Black "Vovk, Yuri"]
[Result "0-1"]
[WhiteTitle "GM"]
[BlackTitle "GM"]
[WhiteElo "2542"]
[BlackElo "2594"]
[WhiteFideId "13501720"]
[BlackFideId "14113171"]
[EventDate "2013.02.23"]

1. d4 d5 2. c4 e6 3. Nf3 Nf6 4. Nc3 Bb4 5. e3 O-O 6. Bd3 c5 7. O-O dxc4 8. Bxc4
Nbd7 9. a3 Ba5 10. Qe2 a6 11. Ba2 b5 12. dxc5 Bxc3 13. bxc3 Nxc5 14. c4 Qd3 15.
Qxd3 Nxd3 16. Bd2 Bb7 17. Ne1 Ne5 18. cxb5 Ne4 19. Bb4 Rfc8 20. f3 a5 21. Be7
Nc3 22. a4 Nxa4 23. Bxe6 fxe6 24. Rxa4 Rc1 25. e4 Rb1 26. Nc2 Rxb5 27. Nd4 Rb2
28. Rfa1 Nd3 29. R4a2 Rxa2 30. Rxa2 Kf7 31. Ba3 Rd8 32. Nb5 Ba6 33. Nd6+ Kg6 34.
h3 Rb8 35. Kh2 Rb3 36. Kg3 a4 37. h4 Nb4 38. Bxb4 Rxb4 39. e5 Bc4 40. Ra1 Bd5
41. Ra3 Bb3 42. Kh3 Rd4 43. g4 h5 44. Kg3 hxg4 45. fxg4 Bd1 46. g5 Rg4+ 47. Kf2
Rxh4 48. Rc3 Kxg5 49. Rc7 g6 50. Ke3 Bb3 51. Nf7+ Kf5 52. Rc1 g5 53. Rg1 Rh3+
54. Kd4 g4 55. Nd6+ Kf4 56. Ne4 Rf3 57. Rc1 Bd5 58. Nc3 Rxc3 59. Rxc3 g3 60. Rc8
g2 61. Rg8 a3 62. Kc3 Ke3 63. Kc2 Kf2 0-1

[Event "29th Open"]
[Site "Cappelle la Grande FRA"]
[Date "2013.03.01"]
[Round "8.10"]
[White "Gabuzyan, Hovhannes"]
[Black "Zhigalko, Andrey"]
[Result "1/2-1/2"]
[WhiteTitle "GM"]
[BlackTitle "GM"]
[WhiteElo "2517"]
[BlackElo "2588"]
[WhiteFideId "13303732"]
[BlackFideId "13502247"]
[EventDate "2013.02.23"]

1. e4 c5 2. Nf3 Nc6 3. d4 cxd4 4. Nxd4 e6 5. Nb5 d6 6. c4 Nf6 7. N1c3 a6 8. Na3
b6 9. Be3 Ne5 10. Qa4+ Ned7 11. c5 bxc5 12. Nc4 Qc7 13. O-O-O Bb7 14. Bd3 Be7
15. Bc2 O-O 16. Bf4 Ne5 17. Qa5 Qb8 18. Nxe5 dxe5 19. Be3 Rc8 20. f3 Qc7 21.
Qxc7 Rxc7 22. Na4 Rb8 23. Rd3 Nd7 24. Rhd1 Bc6 25. Rc3 Bb5 26. Kb1 c4 27. a3
Rcb7 28. Ka1 h6 29. Rd2 Bd8 30. Nc5 Nxc5 31. Bxc5 Ba5 32. Bb4 Bxb4 33. axb4 Kf8
34. Bd1 Be8 35. Be2 Rxb4 36. Rxc4 Rxc4 37. Bxc4 Ke7 38. b3 a5 39. Ra2 a4 40. Kb2
f5 41. Kc3 axb3 42. Bxb3 Rb6 43. Bc4 Bc6 44. exf5 exf5 45. Ra6 Rxa6 46. Bxa6 g5
47. Kd2 h5 48. Ke3 g4 49. Bf1 h4 50. f4 e4 51. g3 hxg3 52. hxg3 Kd6 53. Kd4 Bd7
54. Bc4 Kc6 55. Ba6 Kd6 1/2-1/2

[Event "29th Open"]
[Site "Cappelle la Grande FRA"]
[Date "2013.03.01"]
[Round "8.11"]
[White "Indjic, Aleksandar"]
[Black "Gurevich, Mikhail"]
[Result "1/2-1/2"]
[WhiteTitle "IM"]
[BlackTitle "GM"]
[WhiteElo "2502"]
[BlackElo "2581"]
[WhiteFideId "911925"]
[BlackFideId "200930"]
[EventDate "2013.02.23"]

1. d4 Nf6 2. c4 e6 3. Nf3 d5 4. Nc3 c6 5. Bg5 Nbd7 6. cxd5 exd5 7. e3 Be7 8. Bd3
O-O 9. Qc2 Re8 10. h3 Ne4 11. Bf4 Ndf6 12. Ne5 Bf5 13. f3 Nxc3 14. Bxf5 Nb5 15.
O-O Qb6 16. Kh1 a5 17. g4 g6 18. Bd3 Nd6 19. h4 Bf8 20. h5 Qc7 21. Kg2 Qe7 22.
Rh1 Bg7 23. hxg6 hxg6 24. Bxg6 fxg6 25. Qxg6 Rf8 26. g5 Qe8 27. gxf6 Qxg6+ 28.
Nxg6 Rxf6 29. Ne7+ Kf7 30. Bxd6 Rxd6 31. Nf5 Rg6+ 32. Kf2 Ke6 33. Nxg7+ Rxg7 34.
Rh6+ Kd7 35. Rg1 Re7 36. Rgh1 Ra6 37. Rh7 Rb6 38. Rxe7+ Kxe7 39. b3 a4 40. Rb1
Kd6 41. b4 Ra6 42. a3 Ra8 43. Rh1 Kc7 44. f4 Kb6 45. Kf3 Kb5 46. Rc1 b6 47. Rc3
Re8 48. Kg4 Rg8+ 49. Kh5 Rh8+ 50. Kg6 Rg8+ 51. Kh7 Rg1 52. f5 Rh1+ 53. Kg7 Rg1+
54. Kh6 Rh1+ 55. Kg6 Rg1+ 56. Kh7 Rf1 57. Kg6 Rg1+ 58. Kh6 Rh1+ 59. Kg7 Rg1+ 60.
Kh7 Rf1 61. Kg6 Rg1+ 1/2-1/2

[Event "29th Open"]
[Site "Cappelle la Grande FRA"]
[Date "2013.03.01"]
[Round "8.12"]
[White "Danin, Alexandre"]
[Black "Brynell, Stellan"]
[Result "1/2-1/2"]
[WhiteTitle "GM"]
[BlackTitle "GM"]
[WhiteElo "2578"]
[BlackElo "2485"]
[WhiteFideId "4144031"]
[BlackFideId "1700219"]
[EventDate "2013.02.23"]

1. d4 e6 2. c4 Nf6 3. Nc3 Bb4 4. Qc2 O-O 5. a3 Bxc3+ 6. Qxc3 Ne4 7. Qc2 f5 8.
Nh3 Nc6 9. f3 Nf6 10. e3 d6 11. Be2 e5 12. d5 Ne7 13. Nf2 Ng6 14. O-O Bd7 15. b4
a5 16. Bd2 axb4 17. axb4 Qe7 18. Rxa8 Rxa8 19. Re1 f4 20. Bd3 fxe3 21. Bxe3 Qf7
22. Qd2 Nh4 23. Bg5 Nf5 24. f4 e4 25. Nxe4 Nxe4 26. Bxe4 h6 27. Bxf5 Bxf5 28.
Bh4 Qg6 29. Bf2 Re8 30. Rxe8+ Qxe8 31. Bd4 Qe4 32. Kf2 b5 33. cxb5 Qxd5 34. Qe3
Qxb5 35. Qe7 Qd7 36. Qxd7 Bxd7 37. Ba7 c5 38. bxc5 dxc5 39. Bxc5 1/2-1/2

[Event "29th Open"]
[Site "Cappelle la Grande FRA"]
[Date "2013.03.02"]
[Round "9.2"]
[White "Fedorchuk, Sergey A."]
[Black "Negi, Parimarjan"]
[Result "1/2-1/2"]
[WhiteTitle "GM"]
[BlackTitle "GM"]
[WhiteElo "2643"]
[BlackElo "2638"]
[WhiteFideId "14102536"]
[BlackFideId "5016690"]
[EventDate "2013.02.23"]

1. e4 c5 2. Nf3 d6 3. Bb5+ Bd7 4. Bxd7+ Qxd7 5. c4 Nf6 6. Nc3 g6 7. d4 cxd4 8.
Nxd4 Bg7 9. O-O O-O 10. f3 Rc8 11. b3 d5 12. exd5 Nxd5 13. Nxd5 e6 14. Bh6 exd5
15. Bxg7 Kxg7 16. Nb5 dxc4 17. Nd6 Rd8 18. Nxb7 Qxd1 19. Rfxd1 Rxd1+ 20. Rxd1
cxb3 21. axb3 Nc6 1/2-1/2

[Event "29th Open"]
[Site "Cappelle la Grande FRA"]
[Date "2013.03.02"]
[Round "9.4"]
[White "Petkov, Vladimir"]
[Black "Iturrizaga, Eduardo"]
[Result "1/2-1/2"]
[WhiteTitle "GM"]
[BlackTitle "GM"]
[WhiteElo "2559"]
[BlackElo "2646"]
[WhiteFideId "2901188"]
[BlackFideId "3901211"]
[EventDate "2013.02.23"]

1. d4 Nf6 2. c4 e6 3. Nc3 Bb4 4. Nf3 c5 5. g3 cxd4 6. Nxd4 Ne4 7. Qd3 Qa5 8. Nb3
Nxc3 9. Nxa5 Ne4+ 10. Bd2 Bxd2+ 11. Qxd2 Nxd2 12. Kxd2 Nc6 13. Nxc6 dxc6 14. Bg2 1/2-1/2

[Event "29th Open"]
[Site "Cappelle la Grande FRA"]
[Date "2013.03.02"]
[Round "9.5"]
[White "Vovk, Yuri"]
[Black "Lagarde, Maxime"]
[Result "1-0"]
[WhiteTitle "GM"]
[BlackTitle "IM"]
[WhiteElo "2594"]
[BlackElo "2529"]
[WhiteFideId "14113171"]
[BlackFideId "662399"]
[EventDate "2013.02.23"]

1. Nf3 c5 2. c4 Nf6 3. g3 d5 4. cxd5 Nxd5 5. b3 f6 6. Bg2 e5 7. O-O Nc6 8. Bb2
Be7 9. d3 O-O 10. Nbd2 Be6 11. Rc1 Qd7 12. Re1 Rac8 13. a3 Rfd8 14. e3 Bh3 15.
Bxh3 Qxh3 16. Qe2 Qe6 17. Nc4 b5 18. Ncd2 a6 19. Nh4 Nb6 20. f4 f5 21. fxe5 Nxe5
22. d4 Ng4 23. Nhf3 cxd4 24. Nxd4 Qd7 25. N2f3 Bf6 26. Rxc8 Rxc8 27. e4 fxe4 28.
Qxe4 Nh6 29. Qe6+ Qxe6 30. Rxe6 Nd7 31. b4 Ng4 32. Rxa6 Ne3 33. Re6 Nd1 34. Ba1
Rc1 35. Nb3 Rc2 36. Re1 Nf2 37. Nfd2 Nd3 38. Re3 N7e5 39. Ne4 Ra2 40. Nxf6+ gxf6
41. Bxe5 Nxe5 42. Nd4 Nc4 43. Rf3 Nxa3 44. Rxf6 Rb2 45. Rf3 Nc4 46. Nc6 Kg7 47.
g4 Rc2 48. Nd4 Rb2 49. Ne6+ Kg6 50. h4 h6 51. h5+ Kh7 52. Rf7+ Kh8 53. Rf8+ Kh7
54. Rf7+ Kh8 55. Rf6 Rb1+ 56. Kf2 Ne5 57. Rxh6+ Kg8 58. Ke2 Rb2+ 59. Kd1 Rxb4
60. g5 Rh4 61. g6 Rh1+ 62. Kc2 Rh2+ 63. Kc3 Rh3+ 64. Kd4 Nc6+ 65. Ke4 Rh1 66.
Rh7 Re1+ 67. Kf5 Rf1+ 68. Kg5 Rg1+ 69. Kh6 Ne5 70. Ra7 Ng4+ 71. Kg5 Ne5+ 72. Kf5 1-0

[Event "29th Open"]
[Site "Cappelle la Grande FRA"]
[Date "2013.03.02"]
[Round "9.6"]
[White "Vorobiov, Evgeny E."]
[Black "Hansen, Eric"]
[Result "0-1"]
[WhiteTitle "GM"]
[BlackTitle "GM"]
[WhiteElo "2584"]
[BlackElo "2557"]
[WhiteFideId "4121341"]
[BlackFideId "2606771"]
[EventDate "2013.02.23"]

1. e4 e6 2. d3 d5 3. Nd2 c5 4. g3 Bd6 5. Bg2 Ne7 6. f4 Nbc6 7. Nh3 O-O 8. O-O
Bc7 9. c3 b5 10. Nf3 b4 11. c4 dxe4 12. dxe4 e5 13. Be3 Qxd1 14. Raxd1 Nd4 15.
Nxd4 cxd4 16. Bd2 Nc6 17. Nf2 b3 18. Nd3 Bg4 19. Rde1 bxa2 20. b4 Be6 21. Nb2
Rab8 22. f5 Nxb4 23. Bxb4 Rxb4 24. Nd3 Rb3 25. fxe6 Rxd3 26. Re2 fxe6 27. Rxa2
Bb6 28. Rb1 Rc3 29. Bh3 Rf6 30. Kg2 d3 31. Rd2 Be3 32. Rdd1 Rf2+ 33. Kh1 Kf7 34.
Rf1 Rxf1+ 35. Bxf1 d2 36. Rd1 Rc1 37. Be2 a5 38. Kg2 a4 0-1

[Event "29th Open"]
[Site "Cappelle la Grande FRA"]
[Date "2013.03.02"]
[Round "9.7"]
[White "Jianu, Vlad-Cristian"]
[Black "Burmakin, Vladimir"]
[Result "1-0"]
[WhiteTitle "GM"]
[BlackTitle "GM"]
[WhiteElo "2500"]
[BlackElo "2577"]
[WhiteFideId "1208110"]
[BlackFideId "4105109"]
[EventDate "2013.02.23"]

1. d4 d5 2. c4 c6 3. Nf3 Nf6 4. e3 Bf5 5. Nc3 e6 6. Nh4 Be4 7. f3 Bg6 8. Qb3 Qb6
9. Nxg6 hxg6 10. Bd2 Nbd7 11. O-O-O Qxb3 12. axb3 Rc8 13. Kb1 Bd6 14. h3 Nh5 15.
Bd3 Ng3 16. Rhe1 a6 17. Bc2 Bb8 18. e4 dxe4 19. Nxe4 Nxe4 20. Bxe4 f5 21. Bc2
Kf7 22. d5 cxd5 23. cxd5 e5 24. Bc3 Bd6 25. g4 Kf6 26. Rh1 b5 27. h4 f4 28. h5
b4 29. Bd2 gxh5 30. gxh5 Rh6 31. Bg6 Nf8 32. Bd3 Nd7 33. Bg6 Nf8 34. Bd3 Nd7 35.
Rdg1 Rch8 36. Be1 Rxh5 37. Rxh5 Rxh5 38. Rg6+ Ke7 39. Re6+ Kd8 40. Rxd6 Rh1 41.
Bf5 Rxe1+ 42. Kc2 g6 43. Rxd7+ Ke8 44. Be6 e4 45. Kd2 Re3 46. fxe4 Rxe4 47. Rg7 1-0

[Event "29th Open"]
[Site "Cappelle la Grande FRA"]
[Date "2013.03.02"]
[Round "9.8"]
[White "Gajek, Radoslaw"]
[Black "Vazquez Igarza, Renier"]
[Result "1/2-1/2"]
[BlackTitle "GM"]
[WhiteElo "2273"]
[BlackElo "2565"]
[WhiteFideId "1125893"]
[BlackFideId "3503054"]
[EventDate "2013.02.23"]

1. e4 c5 2. Nf3 e6 3. d4 cxd4 4. Nxd4 Nc6 5. Nc3 a6 6. Be2 Qc7 7. O-O Nf6 8. Be3
Be7 9. f4 d6 10. Qe1 Bd7 11. Qg3 O-O 12. Kh1 b5 13. a3 Rab8 14. Bd3 b4 15. Nce2
bxa3 16. bxa3 Nxd4 17. Bxd4 Bb5 18. c4 Bc6 19. e5 Nh5 20. Qg4 g6 21. Rad1 Rbd8
22. exd6 Bxd6 23. c5 Be7 24. Bxa6 1/2-1/2

[Event "29th Open"]
[Site "Cappelle la Grande FRA"]
[Date "2013.03.02"]
[Round "9.9"]
[White "Sasikiran, Krishnan"]
[Black "Gabuzyan, Hovhannes"]
[Result "1/2-1/2"]
[WhiteTitle "GM"]
[BlackTitle "GM"]
[WhiteElo "2677"]
[BlackElo "2517"]
[WhiteFideId "5004985"]
[BlackFideId "13303732"]
[EventDate "2013.02.23"]

1. d4 d5 2. c4 c6 3. Nc3 Nf6 4. cxd5 cxd5 5. Bf4 Nc6 6. e3 a6 7. Bd3 Bg4 8. Nge2
e6 9. O-O Be7 10. Rc1 O-O 11. Na4 Nd7 12. a3 e5 13. dxe5 Ndxe5 14. Nac3 Bf6 15.
Bb1 Ng6 16. h3 Bxe2 17. Qxe2 Nxf4 18. exf4 g6 19. Qd2 Qb6 20. Rfd1 Ne7 21. b4 a5
22. Na4 Qb5 23. Nc5 axb4 24. Bd3 Qb6 25. Nd7 Qd6 26. Nxf6+ Qxf6 27. Qxb4 Rfd8
28. g3 Rd6 29. a4 Nc6 30. Qa3 Nd4 31. Bf1 Rb6 32. a5 Rb2 33. Rc5 b6 34. Rxd5
Rxa5 35. Rxa5 bxa5 36. Qc5 Rd2 37. Rb1 Kg7 38. Rb8 Nf3+ 39. Kg2 Ne1+ 40. Kg1
Nf3+ 41. Kg2 Ne1+ 42. Kh1 Qd6 43. Qxd6 Rxd6 44. Bc4 Rd7 45. Ra8 Rc7 46. Bd5 Nd3
47. Kg2 Rc5 48. Be4 Nb2 49. Ra7 Nc4 50. Bb1 h5 51. Ba2 Nd6 52. Rd7 Rc6 53. Ra7
Rc5 54. g4 hxg4 55. hxg4 Kf8 56. Kg3 Rc3+ 57. Kg2 Rc5 58. Bb3 Rb5 59. Ba2 Ke8
60. Kg3 Rc5 61. f3 Rb5 62. Kh4 Rc5 63. f5 gxf5 64. g5 Kf8 65. g6 fxg6 66. Kg5
Rc2 67. Bd5 Rg2+ 68. Kf4 Re2 69. Kg5 Rg2+ 70. Kf4 Re2 71. Kg5 Rg2+ 1/2-1/2

[Event "29th Open"]
[Site "Cappelle la Grande FRA"]
[Date "2013.03.02"]
[Round "9.10"]
[White "Andreev, Eduard UKR"]
[Black "Rozentalis, Eduardas"]
[Result "0-1"]
[WhiteTitle "GM"]
[BlackTitle "GM"]
[WhiteElo "2514"]
[BlackElo "2613"]
[WhiteFideId "14103400"]
[BlackFideId "12800023"]
[EventDate "2013.02.23"]

1. e4 Nf6 2. e5 Nd5 3. d4 d6 4. Nf3 g6 5. c4 Nb6 6. exd6 cxd6 7. Nc3 Bg7 8. h3
O-O 9. Be2 Nc6 10. O-O Bf5 11. b3 d5 12. Be3 dxc4 13. bxc4 Na5 14. c5 Nd5 15.
Nxd5 Qxd5 16. Qa4 b6 17. Rac1 Be4 18. Rfd1 Rfd8 19. Qa3 Qb7 20. Bf1 Nc6 21. Ne5
Nxe5 22. dxe5 Rxd1 23. Rxd1 Bxe5 24. cxb6 axb6 25. Qb3 e6 26. Bxb6 Bd5 27. Qe3
Rxa2 28. Qxe5 Qxb6 29. Qf4 Qb2 30. h4 h6 31. Rc1 Kg7 32. g3 Ra3 33. Re1 Ra1 34.
Qe3 Ra3 35. Qf4 Qf6 36. Qxf6+ Kxf6 37. Bg2 g5 38. hxg5+ hxg5 39. Rd1 Ke5 40.
Re1+ Kd6 41. Rd1 f5 42. Re1 Rc3 43. Rd1 g4 44. Ra1 Bf3 45. Ra6+ Ke5 46. Ra5+ Kf6
47. Ra1 e5 48. Ra6+ Ke7 49. Ra1 Kd6 50. Ra6+ Kd5 51. Ra5+ Kd4 52. Ra4+ Kd5 53.
Ra5+ Ke6 54. Ra6+ Ke7 55. Ra7+ Kf6 56. Ra6+ Kg5 57. Ra1 Rc2 58. Re1 e4 59. Bf1
f4 60. gxf4+ Kxf4 61. Ra1 g3 62. fxg3+ Kxg3 63. Ra8 Rc1 64. Ra3 Rc2 65. Ra8 e3
66. Rg8+ Bg4 67. Re8 Rc3 68. Rg8 Rc1 69. Re8 e2 70. Rxe2 Bxe2 71. Kh1 Rxf1# 0-1